<?xml version="1.0" encoding="UTF-8"?>
<record
    xmlns:xsi="http://www.w3.org/2001/XMLSchema-instance"
    xsi:schemaLocation="http://www.loc.gov/MARC21/slim http://www.loc.gov/standards/marcxml/schema/MARC21slim.xsd"
    xmlns="http://www.loc.gov/MARC21/slim">

  <leader>00203nam a22000857a 4500</leader>
  <controlfield tag="001">1257201</controlfield>
  <controlfield tag="005">20260205094120.0</controlfield>
  <datafield tag="245" ind1=" " ind2=" ">
    <subfield code="a">HAYAL KURMAYA CESARET EDEN K&#xD6;PEK</subfield>
    <subfield code="c">SUN-M&#x130; HWANG</subfield>
  </datafield>
  <datafield tag="260" ind1=" " ind2=" ">
    <subfield code="b">GEN&#xC7; T&#x130;MA&#x15E;</subfield>
  </datafield>
  <datafield tag="999" ind1=" " ind2=" ">
    <subfield code="c">1257201</subfield>
    <subfield code="d">1257201</subfield>
  </datafield>
</record>
